| Tag |
First Indicator |
Second Indicator |
Subfields |
| LEADER |
00000cam a2200000 a 4500 |
| 001 |
in00000017289 |
| 005 |
20151007053434.0 |
| 008 |
870506s1986 enkac 10010 eng d |
| 010 |
|
|
|a gb 87021319
|
| 015 |
|
|
|a GB87-21319
|
| 020 |
|
|
|a 0852985657 (pbk) :
|c No price
|
| 035 |
|
|
|a (OCoLC)16080893
|
| 035 |
|
|
|9 AAB1649AM
|
| 040 |
|
|
|a UKM
|c UKM
|d m/c
|d TKN
|d OCL
|d TXA
|d UtOrBLW
|
| 043 |
|
|
|a e-uk---
|
| 049 |
|
|
|a TXAM
|c [A11048165]
|
| 050 |
1 |
4 |
|a TA174
|b .I55 1985
|
| 050 |
|
4 |
|a TA174
|b .I574 1985
|
| 082 |
0 |
|
|a 620/.00425/071141
|2 19
|
| 111 |
2 |
|
|a International Conference on the Education and Training of Engineering Designers
|n (4th :
|d 1985 :
|c Open University)
|
| 245 |
1 |
0 |
|a Fourth International Conference on the Education and Training of Engineering Designers :
|b 10-11 September 1985, the Open University, Milton Keynes, Buckinghamshire /
|c sponsored by the Qualifications, Education and Training Division of the Institution of Mechanical Engineers ; co-sponsored by the Open University [and others].
|
| 264 |
|
1 |
|a London :
|b Published for the Institution by Mechanical Engineering Publications,
|c 1986.
|
| 300 |
|
|
|a 78 pages :
|b illustrations, 1 portrait ;
|c 30 cm.
|
| 336 |
|
|
|a text
|b txt
|2 rdacontent
|
| 337 |
|
|
|a unmediated
|b n
|2 rdamedia
|
| 338 |
|
|
|a volume
|b nc
|2 rdacarrier
|
| 490 |
1 |
|
|a I Mech E conference publications ;
|v 1985-9
|
| 650 |
|
0 |
|a Engineering design
|x Study and teaching
|z Great Britain.
|
| 650 |
|
0 |
|a Professional education
|z Great Britain.
|
| 710 |
2 |
|
|a Institution of Mechanical Engineers (Great Britain).
|b Qualifications, Education, and Training Division.
|
| 710 |
2 |
|
|a Open University.
|
| 830 |
|
0 |
|a I Mech E conference publications ;
|v 1985-9.
|
| 999 |
|
|
|a MARS
|
| 999 |
f |
f |
|s 72b6b760-ba65-3fd5-b8ad-b4d4bbcca431
|i b2fc4d0d-4f87-3ef7-a012-22b5d48cfb62
|t 0
|
| 952 |
f |
f |
|p ric
|a Texas A&M University
|b Rellis Campus
|c Joint Library Facility
|d Remote Storage
|t 0
|e TA174 .I574 1985
|h Library of Congress classification
|i unmediated -- volume
|m A14811048165
|
| 998 |
f |
f |
|a TA174 .I574 1985
|t 0
|l Remote Storage
|